000
00272nam a2200121 a 4500
008
101022s1981|||| d
100
1
_a
Lenčo, Ján
245
1
0
_a
Rozpamätávanie
260
_b
Smena
_a
Bratislava
_c
1981
044
_a
xo
_c
SK
020
_c
35
041
_a
slo
999
_c
12108
_d
12108